000 01238nam a2200337 i 4500
001 13136
003 KOSZ 005
005 20200111112731.0
008 070608s1970 pl a g 000 0 pol
015 _aPB 1970/2727
040 _aWA N
_cWA N
_dKOSZ 005/RW
041 1 _apol
_hfre
080 _a621.396
100 1 _aAisberg, Eugène
_d(1905-1980).
_eAutor
245 1 0 _aRadio... Ależ to bardzo proste! /
_cE. Aisberg ; tł. Irena May-Milowicz, Andrzej Depczyk, J. Chabłowski.
246 1 _iTyt. oryg.:
_aRadio?... Mais c'est trés simple!
250 _aWyd. 4.
260 _aWarszawa :
_bWydawnictwa Naukowo-Techniczne,
_c1970.
300 _a183 s. :
_bil. ;
_c24 cm.
380 _aKsiążki.
500 _aTyt. oryg. La radio?... Mais c'est tres simple!
500 _aDruk z klisz.
655 4 _aWydawnictwa popularne
650 4 _aRadiotechnika
700 1 _aMay-Milowicz, Irena.
_eRedakcja
700 1 _aDepczyk, Andrzej.
_eTłumaczenie
710 2 _aWydawnictwa Naukowo-Techniczne
_4pbl.
700 1 _aChabłowski, Jerzy
_eTłumaczenie
856 _uhttp://koha.tu.koszalin.pl/cgi-bin/koha/opac-detail.pl?biblionumber=13136
_yKatalog online BPK
942 _2UKD
_cKS
999 _c13136
_d13136